000 00268 a2200109 4500
001 62593
082 _a823 ARC
090 _c37198
_d37198
100 _aArcher, J
245 _aA Twist in the Tale (Twelve short stories)
_hEnglish
260 _bHarper Collins Publication
942 _aCAE NUST
_k823 ARE
999 _c297666
_d297666